| 000 | 00333nam a2200133Ia 4500 | ||
|---|---|---|---|
| 082 |
_a616.7404 _bM05K |
||
| 100 | _aKENDALL, FLORENCE / HELLEN | ||
| 245 | _aMUSCLES TESTIG AND FUNCTION WITH POSTURE AND PAIN | ||
| 250 | _a1ST | ||
| 260 |
_bLIPPINCOTT _aBALTIRORE _c1992 |
||
| 300 | _a1-437 | ||
| 650 | _aPHYSIOTHERAPY | ||
| 942 |
_2ddc _cBK |
||
| 999 |
_c1327 _d1327 |
||